000 00523nam a2200169 i 4500
001 26462
003 ES-MaACL
005 20250721063431.0
007 t|
008 030109s1963 sp ||||1| spa d
100 1 _aArtola, Miguel,
_d1923-2020
_923497
245 1 0 _aHistoria de la reconstrucción de San Sebastián /
_cpor Miguel Artola.
260 _aSan Sebastián :
_bAyuntamiento de San Sebastián,
_c1963.
300 _a328 p. ;
_c26 cm.
852 _aES-MaACL
_jC-24122
_bR.52953
999 _c26462
_d26462